000 00638cam a22002411 4500
001 sa 67007746
003 DLC
005 20260227112418.0
008 890227s1966 xx 000 0 ben
010 _asa 67007746
035 _a(OCoLC)23578890
040 _aDLC
_cMiU
_dDLC
042 _apremarc
050 0 0 _aPK1727.D4
_bD4
100 1 _aDebnath, Dhirendra,
_d1930-
245 1 0 _aRabīndranātherṣ dṛshṭite mṛtyu.
260 _c[1966]
300 _a14, 228 p.
_c23 cm.
500 _aIn Bengali.
504 _aBibliographical footnotes.
600 1 0 _aTagore, Rabindranath,
_d1861-1941
650 0 _aDeath in literature
999 _c76764
_d76764